<?xml version="1.0" encoding="UTF-8"?>
<record
    xmlns:xsi="http://www.w3.org/2001/XMLSchema-instance"
    xsi:schemaLocation="http://www.loc.gov/MARC21/slim http://www.loc.gov/standards/marcxml/schema/MARC21slim.xsd"
    xmlns="http://www.loc.gov/MARC21/slim">

  <leader>02443    a2200325   4500</leader>
  <controlfield tag="003">OSt</controlfield>
  <controlfield tag="005">20180116192338.0</controlfield>
  <controlfield tag="008">120516t        xxu||||| |||| 00| 0 eng d</controlfield>
  <datafield tag="020" ind1=" " ind2=" ">
    <subfield code="a">0750657642 (paperback)</subfield>
  </datafield>
  <datafield tag="020" ind1=" " ind2=" ">
    <subfield code="a">9780750657648 (paperback)</subfield>
  </datafield>
  <datafield tag="040" ind1=" " ind2=" ">
    <subfield code="c">0</subfield>
  </datafield>
  <datafield tag="082" ind1="0" ind2="4">
    <subfield code="a">720.23</subfield>
  </datafield>
  <datafield tag="100" ind1="1" ind2=" ">
    <subfield code="a">R&#xC3;&#xBC;edi Ray, Katerina</subfield>
    <subfield code="9">1464</subfield>
  </datafield>
  <datafield tag="245" ind1="1" ind2="4">
    <subfield code="a">The portfolio :</subfield>
    <subfield code="b">an architecture student's handbook /</subfield>
    <subfield code="c">Katerina Ruedi Ray PhD in Architecture, Lesley Lokko Dip Arch, Igor Marjanovic.</subfield>
  </datafield>
  <datafield tag="250" ind1=" " ind2=" ">
    <subfield code="a">1st ed.</subfield>
  </datafield>
  <datafield tag="260" ind1=" " ind2=" ">
    <subfield code="a">Amsterdam :</subfield>
    <subfield code="b">Architectural Press,</subfield>
    <subfield code="c">2003.</subfield>
  </datafield>
  <datafield tag="300" ind1=" " ind2=" ">
    <subfield code="a">148 p. :</subfield>
    <subfield code="b">ill.;</subfield>
    <subfield code="c">22 cm.</subfield>
  </datafield>
  <datafield tag="490" ind1="1" ind2=" ">
    <subfield code="a">Architectural students handbooks.</subfield>
  </datafield>
  <datafield tag="500" ind1=" " ind2=" ">
    <subfield code="a">Includes index</subfield>
  </datafield>
  <datafield tag="520" ind1=" " ind2=" ">
    <subfield code="a">The portfolio is the single most important part of every architectural student's education. This book proides a complete guide to preparing, compiling and presenting this crucial element of the architecture course. The experienced author team gives practical advice for the creation of the portfolio covering issues of size, storage, layout and order. They go on to guide the student through the various forms a portfolio can take: the Electronic Portfolio, the Academic Portfolio and the Professional Portfolio suggesting different approaches and different media to use in order to create the strongest portfolio possible. The team also presents the best examples from international student portfolios to show the reader their recommendations in practice. The book has a companion website where full colour representations of the best examples of portfolio work can be accessed. Also in the Seriously Useful Guides series: * The Dissertation * The Crit * Practical Experience * Offers step-by-step advice for students on how to prepare and present their portfolios * Advice from the experts on how to make portfolios the best they can be * Fully illustrated with examples of the best students' work from around the world.</subfield>
  </datafield>
  <datafield tag="650" ind1="0" ind2=" ">
    <subfield code="a">Architecture portfolios</subfield>
    <subfield code="9">1465</subfield>
  </datafield>
  <datafield tag="650" ind1="0" ind2=" ">
    <subfield code="a"> Architecture portfolios</subfield>
    <subfield code="x">Design</subfield>
    <subfield code="9">1466</subfield>
  </datafield>
  <datafield tag="700" ind1="1" ind2=" ">
    <subfield code="a">Arch, Lesley Lokko Dip.</subfield>
    <subfield code="9">1467</subfield>
  </datafield>
  <datafield tag="700" ind1="1" ind2=" ">
    <subfield code="a">Marjanovic, Igor.</subfield>
    <subfield code="9">1468</subfield>
  </datafield>
  <datafield tag="830" ind1=" " ind2="0">
    <subfield code="a">Architectural students handbooks.</subfield>
    <subfield code="9">1469</subfield>
  </datafield>
  <datafield tag="856" ind1="4" ind2="0">
    <subfield code="3">Amazon.com</subfield>
    <subfield code="u">http://www.amazon.com/exec/obidos/ASIN/0750657642/chopaconline-20</subfield>
  </datafield>
  <datafield tag="942" ind1=" " ind2=" ">
    <subfield code="a">SADA</subfield>
    <subfield code="c">BK</subfield>
    <subfield code="k">720.23 RUE 2003</subfield>
    <subfield code="2">ddc</subfield>
  </datafield>
  <datafield tag="999" ind1=" " ind2=" ">
    <subfield code="c">352552</subfield>
    <subfield code="d">352552</subfield>
  </datafield>
  <datafield tag="952" ind1=" " ind2=" ">
    <subfield code="0">0</subfield>
    <subfield code="1">0</subfield>
    <subfield code="2">ddc</subfield>
    <subfield code="4">0</subfield>
    <subfield code="7">0</subfield>
    <subfield code="a">SADA</subfield>
    <subfield code="b">SADA</subfield>
    <subfield code="d">2011-05-20</subfield>
    <subfield code="l">3</subfield>
    <subfield code="m">2</subfield>
    <subfield code="o">720.23 RUE 2003</subfield>
    <subfield code="p">SADA0001033</subfield>
    <subfield code="r">2025-10-06</subfield>
    <subfield code="s">2025-01-29</subfield>
    <subfield code="t">02</subfield>
    <subfield code="v">2331.00</subfield>
    <subfield code="w">2011-08-05</subfield>
    <subfield code="y">BK</subfield>
  </datafield>
  <datafield tag="952" ind1=" " ind2=" ">
    <subfield code="0">0</subfield>
    <subfield code="1">0</subfield>
    <subfield code="2">ddc</subfield>
    <subfield code="4">0</subfield>
    <subfield code="7">0</subfield>
    <subfield code="a">SADA</subfield>
    <subfield code="b">SADA</subfield>
    <subfield code="d">2010-11-24</subfield>
    <subfield code="l">2</subfield>
    <subfield code="m">1</subfield>
    <subfield code="o">720.23 RUE 2003</subfield>
    <subfield code="p">SADA0000428</subfield>
    <subfield code="r">2013-05-24</subfield>
    <subfield code="s">2013-05-21</subfield>
    <subfield code="t">01</subfield>
    <subfield code="v">2257.00</subfield>
    <subfield code="w">2011-08-05</subfield>
    <subfield code="y">BK</subfield>
  </datafield>
</record>
